| 000 | 03864nam0a2200493 4500 | ||
|---|---|---|---|
| 001 | RU\NLR\BIBL_A\022719293 | ||
| 005 | 20260426080552.0 | ||
| 010 |
_a978-5-4358-0272-6 _9300 |
||
| 021 |
_aRU _bКН-П-25-076426 _9КН-П-25-7403 |
||
| 035 | _a(NLR Aleph) 022719293 | ||
| 090 |
_a13696532 _c13696532 |
||
| 100 | _a20260205d2025 k y0rusy50 ca | ||
| 101 | 0 | _arus | |
| 102 | _aRU | ||
| 105 | _aab z 100yy | ||
| 181 | 0 |
_ab3 _bxb2e |
|
| 181 | 0 |
_ai2 _baxxe |
|
| 182 | 0 | _an | |
| 200 | 1 |
_aИнформационный бюллетень по итогам экспедиции ЮНЦ РАН на Анапскую пересыпь 9–15 июня 2025 г. _eобщий анализ с учетом материалов книги "Аварии и последствия танкерной перевозки мазута (Керченский пролив – 2007 г., г. Анапа – 2024 г.)", изданной в апреле 2025 г. _fакад. РАН Г. Г. Матишов, к. г. н. К. С. Григоренко, к. т. н. В. В. Кулыгин, к. г. н. К. С. Сушко _gответственный редактор: С. Г. Парада, д. г.-м. н., проф. _gФедеральный исследовательский центр, Южный научный центр Российской академии наук |
|
| 203 |
_aИзображение _aТекст _bвизуальные _cнепосредственные |
||
| 210 |
_aРостов-на-Дону _cИзд-во ЮНЦ РАН _d2025 |
||
| 215 |
_a103 с. _cцв. ил., табл., карты _d31 |
||
| 320 | _aБиблиогр.: с. 103 | ||
| 488 | 0 |
_12001#$aАварии и последствия танкерной перевозки мазута (Керченский пролив – 2007 г., г. Анапа – 2024 г.)$fакад. РАН Г. Г. Матишов, к.г.н. А. В. Клещенков, к.т.н. В. В. Кулыгин, д.г.н. С. В. Бердников _1210##$aРостов-на-Дону$cИзд-во ЮНЦ РАН$d2025 _tАварии и последствия танкерной перевозки мазута (Керченский пролив – 2007 г., г. Анапа – 2024 г.) |
|
| 606 | 1 |
_aЭкологические системы прибрежные _xЗагрязнение мазутами _xМониторинг _yАнапский район (Краснодарский край) _92706428 _3RU\NLR\AUTH\6601769628 |
|
| 606 | 1 |
_aМорские берега _xЗагрязнение мазутами _xМониторинг _yАнапский район (Краснодарский край) _92706430 _3RU\NLR\AUTH\6601769630 |
|
| 606 | 1 |
_aНефтеналивные суда _xАварии и происшествия _92401090 _3RU\NLR\AUTH\661431254 |
|
| 607 |
_aЧерное море _xШельф _xЗагрязнение мазутами _xМониторинг _92706429 _3RU\NLR\AUTH\6601769629 |
||
| 686 | 1 | _aД221.127(922.8) | |
| 686 | 1 | _aЕ082.159(2Р37-4Кр) | |
| 686 | 1 | _aД312.8(2Р37-4Кр) | |
| 686 | 1 | _aО425.144.1-082.03 | |
| 701 | 1 |
_7ca _8rus _aМатишов _bГ. Г. _f1945- _gГеннадий Григорьевич _99509 _3RU\NLR\AUTH\7726470 |
|
| 701 | 1 |
_aГригоренко _bК. С. _gКлим Сергеевич |
|
| 701 | 1 |
_aКулыгин _bВ. В. _gВалерий Валерьевич |
|
| 701 | 1 |
_aСушко _bК. С. _gКирилл Сергеевич |
|
| 702 | 1 |
_aПарада _bС. Г. _gСергей Григорьевич _4340 |
|
| 711 | 0 | 2 |
_aРоссийская академия наук _bЮжный научный центр _bЭкспедиция на Анапскую пересыпь _f2025 _92697248 _3RU\NLR\AUTH\880638736 |
| 942 | _cBOOK | ||
| 980 | _aNB | ||